000 02231nam a2200313Ia 4500
999 _c55594
_d55594
001 22689
003 GE_BSU
005 20230418144157.0
008 181216s ||||ge |||||||||||||| ||geo||
020 _a9789941081873 (ტ. 1) 9789941081866 (ორივე ტომის)
040 _cGE_BSU
041 _ageo
080 _a342.511(479.22) ს-32
245 _aსაქართველოს პირველი რესპუბლიკის კონსტიტუცია (1921) :
_bმასალები და დოკუმენტები ტ. 1 /
_cშემდგენლები : ხათუნა დავითური, მარინა ალანია, ნანო ომანაძე [და სხვ.] ; რედაქტორები : ემზარ ჯგერენაია, თეა კენჭოშვილი.
264 _aთბილისი :
_bსაქ. პარლამენტის ეროვნული ბიბლიოთეკა,
_c2015.
300 _a254 გვ.
_c22 სმ.
500 _aეძღვნება ისიდორე დოლიძის დაბადებიდან 100 წლის იუბილეს
501 _aსაძიებლები : გვ. 234-254
520 _aეძღვნება ისიდორე დოლიძის დაბადებიდან 100 წლის იუბილეს
541 _h6ლ.
653 _aკონსტიტუცია
653 _aსამართალი
653 _aსაქართველოს პირველი რესპუბლიკის კონსტიტუცია (1921)
653 _a მასალები და დოკუმენტები ტ. 1
700 _aჯგერენაია, ემზარ
_eრედაქტორი
_917662
700 _aკენჭოშვილი, თეა
_eრედაქტორი
_97907
710 _aსაქ. პარლამენტის ეროვნული ბიბლიოთეკა
_b სამოქალაქო განათლების განყოფილება
_917663
942 _cBK
_2udc